000 00794nam a22001697a 4500
005 20260703111146.0
020 _a9781009527804
082 _a320.54CED
100 _aCederman, Lars-Erik.
245 _aNationalism and the transformation of the state
_bborder change and political violence in the modern world
260 _aNew York
_bCambridge University Press
_c2025
300 _axv,375p.
504 _aIncludes bibliographical references and index
520 _aUsing historical maps to show how ethnic nations have reshaped state borders and caused conflict since the French Revolution, this book traces the effects that explain current geopolitical instability in Europe and beyond. This title is also available as Open Access on Cambridge Core
650 _aNationalism
942 _cBK
999 _c11548
_d11548